000
00304nam a2200133Ia 4500
100
_a
Umarani/G.G/ Joshi/P. R.
942
_c
BK
654
_a
Applied Physics
245
_a
Text book of Applied physics
260
_b
Nirali prakashan
_a
Bombay
_c
1987
082
_a
530
300
_a
279
546
_a
ENGLISH
999
_c
19098
_d
19098